Score 0/26 Timer 02:00
3 Plays Today
Clue Letter % Correct
1, to the Romans I
70.1%
This letter appears at the top of a standard english compass N
69.5%
Rating given by the MPAA to pornographic movies X
66.5%
Magazine published by Oprah Winfrey O
65.9%
When censored,a certain swear word is sometimes called this word or this bomb F
64%
With Tenacious, Jack Black's rock band D
58.6%
Mark left by Don Diego de la Vega, a fictional Mexican swordsman Z
57.7%
Before decimalization in the UK, the letter D denoted 'pence'. Now this letter is used P
53.5%
Informal reference, with 'The', to the institution the Village People sang about in 1978 Y
52.6%
Article denoting single objects A
52.3%
Entertainment Software Rating given to video games that are for the whole family E
51.1%
1980's TV series about alien invasion, remade in 2009 V
45.1%
1073741824 of these make up a GB B
44.6%
Clue Letter % Correct
Parsley, is a good source of this vitamin - two tablespoons contain 153% of the recommended daily amount K
44.5%
Showtime Series debuting in 2004 was about this 'Word' L
42.4%
The chemical symbol for Tungsten W
41.2%
In the song Do-Re-Mi, 'Do' represents the first note of the fixed-Do solf├ĘgeC
38.6%
'Super' slalom ski race G
35.2%
HTML tag for displaying text with a horizontal line through it S
27.5%
Robert Altman directed a 2000 movie about this Doctor and the Women T
26.5%
Used to denote the Planck Constant in quantum mechanics H
25.3%
In Commonwealth countries, this abbreviation denotes The Crown, in law R
25.3%
Former Burmese UN Secretary General Thant U
23.9%
1982 movie about a winged serpent (reincarnated Aztec God), starring Michael Moriarty Q
21.7%
British Artist that had a worldwide 1979 hit with 'Pop Muzik' M
19.3%
Pseudonym of the author of 'The Sensuous Woman' J
15.4%
Remove Ads.
Support Sporcle.
Get the best of Sporcle when you Go Orange. This ad-free experience offers more features, more stats, and more fun while also helping to support Sporcle. Thank you for becoming a member.

You're not logged in!

Compare scores with friends on all Sporcle quizzes.
OR
Log In

Sporcle TV

Today on Sporcle TV


Watch our educational content, quiz creation guides, and fun videos on Sporcle TV.

Show Comments

Extras

Top Quizzes Today


Score Distribution

Paid Content

Your Account Isn't Verified!

In order to create a playlist on Sporcle, you need to verify the email address you used during registration. Go to your Sporcle Settings to finish the process.

Report this User

Report this user for behavior that violates our Community Guidelines.

Details: